书目信息 |
| 题名: |
太阳能热水器及系统
|
|
| 作者: | 王玉华 , 陶桢 , 罗运俊 编著 | |
| 分册: | ||
| 出版信息: | 北京 化学工业出版社 2015.01 |
|
| 页数: | 191页 | |
| 开本: | 24cm | |
| 丛书名: | ||
| 单 册: | ||
| 中图分类: | TK515 | |
| 科图分类: | ||
| 主题词: | 太阳能水加热器--tai yang neng shui jia re qi | |
| 电子资源: | ||
| ISBN: | 978-7-122-21909-1 | |
| 000 | 00926nam0 2200265 450 | |
| 001 | CAL 0120141467448 | |
| 005 | 20171222100701.84 | |
| 010 | @a978-7-122-21909-1@dCNY49.80 | |
| 100 | @a20150112d2015 em y0chiy50 ea | |
| 101 | 0 | @achi |
| 102 | @aCN@b110000 | |
| 105 | @aak a 000yy | |
| 200 | 1 | @a太阳能热水器及系统@Atai yang neng re shui qi ji xi tong@f罗运俊, 王玉华, 陶桢编著 |
| 205 | @a第2版 | |
| 210 | @a北京@c化学工业出版社@d2015.01 | |
| 215 | @a191页@c图@d24cm | |
| 320 | @a有书目 (第191页) | |
| 330 | @a本书内容包括: 开发利用太阳能的必要性 ; 太阳能 ; 太阳能集热器 ; 家用太阳能热水器 ; 太阳能热水系统 ; 太阳能热水器及系统的经济效益。 | |
| 606 | 0 | @a太阳能水加热器@Atai yang neng shui jia re qi |
| 690 | @aTK515@v5 | |
| 701 | 0 | @a王玉华@Awang yu hua@4编著 |
| 701 | 0 | @a陶桢@Atao zhen@4编著 |
| 701 | 0 | @a罗运俊@Aluo yun jun@4编著 |
| 801 | 0 | @aCN@c20150820 |
| 905 | @a河南城建学院图书馆@dTK515@eL970=2@f3 | |
| 太阳能热水器及系统/罗运俊, 王玉华, 陶桢编著.-第2版.-北京:化学工业出版社,2015.01 |
| 191页:图;24cm |
| ISBN 978-7-122-21909-1:CNY49.80 |
| 本书内容包括: 开发利用太阳能的必要性 ; 太阳能 ; 太阳能集热器 ; 家用太阳能热水器 ; 太阳能热水系统 ; 太阳能热水器及系统的经济效益。 |
| ● |
| 相关链接 |
|
|
|
正题名:太阳能热水器及系统
索取号:TK515/L970=2
 
预约/预借
| 序号 | 登录号 | 条形码 | 馆藏地/架位号 | 状态 | 备注 |
| 1 | 1162220 | 211622207 | 自科库501/501自科库 136排7列2层/ [索取号:TK515/L970] | 在馆 | |
| 2 | 1162221 | 211622216 | 自科库501/501自科库 136排7列3层/ [索取号:TK515/L970] | 在馆 | |
| 3 | 1162222 | 211622225 | 自科二线504/504自科库 39排2列5层/ [索取号:TK515/L970] | 在馆 | |
| 4 | 1231482 | 212314823 | 能源与建筑环境工程学院资料室/ [索取号:TK515/L970=2] | 在馆 |